| 000 | 00000nam 2200000za 4500 |
| 001 | 9.641259 |
| 003 | CaOODSP |
| 005 | 20210624223126 |
| 007 | cr ||||||||||| |
| 008 | 150407|2013||||xxc|||||o f|0| 0 fre d |
| 020 | |a978-0-662-75320-9 |
| 040 | |aCaOODSP|bfre |
| 043 | |an-cn--- |
| 086 | 1 |aV32-248/2013F-PDF |
| 110 | 1 |aCanada. |bAnciens combattants Canada. |
| 245 | 13|aLe Canada se souvient - la bataille de Kapyong |h[ressource électronique] |
| 260 | |aCharlottetown - Ile du Prince-Édouard : |bAnciens Combattants Canada |c[2013]. |
| 300 | |a2p. |
| 590 | |a13-30|b2013-07-26 |
| 691 | 07|aHistoire militaire|2gcpds |
| 775 | 08|tCanada remembers - the Battle of Kapyong |w(CaOODSP)9.697196 |
| 794 | |tLe Canada se souvient la battaille de Kapyong |w(CaOODSP)9.853932 |
| 856 | 40|ahttp://publications.gc.ca|qPDF|s295 Ko|uhttps://publications.gc.ca/collections/collection_2013/aac-vac/V32-248-2013-fra.pdf |